Statistics for FORMULA ONE DRIVERS FROM 2000-2022

Click here to take the quiz!

General Stats

  • This quiz has been taken 79 times
  • The average score is 63 of 117

Answer Stats

HintAnswer% Correct
ukhamilton
100%
netherlandsverstappen
98%
spainalonso
95%
monacoleclerc
95%
mexicoperez
95%
spainsainz
93%
germanyschumacher
93%
finlandbottas
92%
franceocon
92%
australiaricciardo
92%
japantsunoda
92%
chinazhou
92%
thailandalbon
90%
francegasly
90%
uknorris
90%
finlandraikkonen
90%
ukrussell
90%
canadastroll
88%
germanyvettel
88%
denmarkmagnussen
87%
polandkubica
85%
canadalatifi
85%
brazilmassa
83%
russiakvyat
82%
russiamazepin
78%
germanyhulkenberg
77%
brazilbarrichello
75%
italygiovinazzi
75%
venezuelamaldonado
75%
ukbutton
73%
swedenericsson
72%
fransegrosjean
72%
finlandhakkinen
70%
belgiumvandoorne
68%
japankobayashi
65%
australiawebber
65%
brazilsenna
63%
canadavilleneuve
63%
columbiamontoya
62%
russiapetrov
62%
germanyrosberg
62%
brazilfittipaldi
60%
new zealandhartley
60%
finlandkovalainen
58%
russiasirotkin
58%
japansato
57%
francebianchi
55%
brazilnasr
55%
italytrulli
55%
ukcoulthard
53%
italyfisichella
53%
germanyglock
53%
mexicogutierrez
53%
switzerlandbuemi
50%
germanysutil
50%
ukpalmer
48%
ukaitken
47%
ukdi resta
47%
germanyheidfeld
47%
brazilpiquet jr
47%
finlandsalo
47%
indiakarthikeyan
45%
usarossi
45%
francealesi
43%
spainde la rosa
43%
indonesiaharyanto
43%
germanywehrlein
43%
francepic
42%
spainalguersuari
40%
indiachandhok
40%
francepanis
40%
ukchilton
38%
germanyfrentzen
38%
austriaklien
38%
portugalmonteiro
38%
ukstevens
38%
austriawurz
38%
usaspeed
37%
malesiayoong
37%
ukirvine
35%
francevergne
35%
hungarybaumgartner
33%
hungaryBaumgartner
33%
belgiumdambrosio
33%
japanide
33%
italyliuzzi
33%
japannakajima
33%
netherlandsalbers
32%
francebourdais
32%
spainmerhi
32%
netherlandsvan der garde
32%
brazildi grassi
30%
netherlandsdoornbos
30%
japanyamamoto
30%
ukpizzonia
28%
ukdavidson
27%
spaingene
27%
germanylotterer
27%
argentinamazzacane
23%
austriafriesacher
22%
denmarkkiesa
22%
brazilzonta
22%
italybruni
20%
brazilburti
20%
brazilda matta
20%
brazilbernoldi
18%
ukmcnish
17%
ukwilson
17%
germanywinkelhock
17%
ukmontagny
15%
italypantano
13%
ukfirman
12%

Score Distribution

Percentile by Number Answered

Percent of People with Each Score

Your Score History

You have not taken this quiz